000 01085cam a2200217 4500
001 WB@3612-795
008 040804n2004 000 0 eng u
035 _a(Sirsi) u127008
245 _aOrganic action plan
260 _c2004
490 _aDEFRA News Release
_v(307/04) 2 August 2004 (3)
520 _a"Action plan to develop organic food and farming in England: two years on" has been launched. It picks up on the work of the original plan launched in July 2002 and looks at the considerable amount of progress made and makes further recommendations. At the beginning of 2004, 696 000 hectares of UK farmland was under organic production - up from 30 000 in 1993. This market is projected to grow by 9% a year to 2007. The plan can be viewed at: http://www.defra.gov.uk/farm/organic/actionplan/in dex.htm. http://www.defra.gov.uk/news/2004/040802b.htm
590 _aWB
590 _aWB
650 _aORGANIC FOOD
650 _aORGANIC FARMING
650 _aORGANIC PRODUCE
650 _aSUSTAINABLE FARMING
690 _aRURAL-AGRICULTURE AND FORESTRY
942 _n0
999 _c117815
_d117815